Statistics for UEFA Euro 2016 Dream Team - Round Of 16

Click here to take the quiz!

General Stats

  • This quiz has been taken 43 times
  • The average score is 4 of 11

Answer Stats

Answer% Correct
Antoine Griezmann
83%
Toni Kroos
60%
Eden Hazard
38%
Giorgio Chiellini
30%
Graziano Pellé
30%
Bacary Sagna
25%
Julian Draxler
25%
Axel Witsel
23%
Jan Vertonghen
23%
Łukasz Fabiański
23%
Ragnar Sigurðsson
20%

Score Distribution

Percentile by Number Answered

Percent of People with Each Score

Your Score History

You have not taken this quiz